| 000 | 00920nam a22003370a 4500 | ||
|---|---|---|---|
| 001 | PT37075 | ||
| 003 | AR-LpoUNG | ||
| 005 | 20210131230428.0 | ||
| 008 | 191001s1990||||ag |||||||||||||||||spa d | ||
| 020 |
_a9506170193 _c$14.40 |
||
| 040 |
_aAR-LpoUNG _bspa _cAR-LpoUNG _eaacr |
||
| 041 | _aspa | ||
| 044 | _aag | ||
| 082 | 0 | _a982.066 267sin | |
| 100 | 1 | _aGaudio, Ricardo | |
| 245 | 1 | 0 |
_aSindicalismo peronismo/ gobierno radical : _blos años de Alfonsín |
| 250 | _a1§ edición | ||
| 260 |
_aBuenos Aires : _bFundación Friedrich Ebert - Folios, _c1990. |
||
| 300 |
_a254 p. : _btbls., gráfs. |
||
| 650 | 4 | _aARGENTINA | |
| 650 | 4 | _aASPECTOS POLITICOS | |
| 650 | 4 | _aCONFLICTOS POLITICOS | |
| 650 | 4 | _aGOBIERNO | |
| 650 | 4 | _aORGANIZACIONES DE TRABAJADORES | |
| 650 | 4 | _aPOLITICA | |
| 650 | 4 | _aSINDICALISMO | |
| 651 | 4 | _aArgentina | |
| 700 | 1 | _aThompson, Andrés | |
| 905 | _a37075 | ||
| 942 | _cLIB | ||
| 999 |
_c3294 _d3294 |
||